000 00350nam a2200145Ia 4500
005 20251222141805.0
008 251222s9999||||xx |||||||||||||| ||spa||
020 _a958-699-038-9
082 _a658/C48/2001/Ej.2
100 _aCerto, Samuel C.
245 0 _aAdministración Moderna
250 _a8a.ed.
264 _bPearson Educación
942 _cLIB
999 _c6274
_d6274